Arte y agencia: una teoría antropológica
Guardado en:
| Autor principal: | |
|---|---|
| Formato: | Libro |
| Lenguaje: | español |
| Publicado: |
Buenos Aires
Sb Editorial
2016
|
| Edición: | 1a. ed |
| Colección: | Paradigma Indicial. Serie Arte, Estética e Imagen
|
| Materias: | |
| Etiquetas: |
Agregar Etiqueta
Sin Etiquetas, Sea el primero en etiquetar este registro!
|
MARC
| LEADER | 00000cam a2200000 a 4500 | ||
|---|---|---|---|
| 001 | UCC1052 | ||
| 003 | CL-VaPUC | ||
| 008 | 170922e20160500ag |||||||||||||||||spa|d | ||
| 020 | |a 9789871256589 | ||
| 082 | 0 | 4 | |a 301 |b GEL |2 21 |
| 100 | 0 | |a Gell, Alfred |e author |9 595026 | |
| 245 | 1 | 0 | |a Arte y agencia: una teoría antropológica |
| 250 | |a 1a. ed | ||
| 300 | |a 331 p | ||
| 942 | |c BK | ||
| 945 | |d 20170922 16:51:00 |a arojas | ||
| 260 | |a Buenos Aires |b Sb Editorial |c 2016 | ||
| 650 | 0 | |a Antropología cultural |9 269905 | |
| 650 | 0 | |a Arte |9 265238 | |
| 650 | 0 | |a Antropología filosófica |9 265842 | |
| 583 | |a last modification |c 20170922 16:51:00 |k Rodrigo Vera | ||
| 490 | 0 | |a Paradigma Indicial. Serie Arte, Estética e Imagen | |
| 999 | |c 369644 |d 369642 | ||
| 952 | |0 0 |1 0 |3 erb |4 0 |6 301_000000000000000_GEL_2016 |7 0 |8 A |9 485575 |a BIBART |b BIBART |i 5424798 |o 301 GEL 2016 |p 5424798 |r 2025-03-13 |w 2019-11-24 |y BK |z Catalogado en:20170922 |k ART | ||